000 01248nam a22003497a 4500
003 CHAP
005 20220817042833.0
008 971013s1977 mx a r 00010 spa d
010 _a57307
011 _a58279
035 _a62434
040 _cCHAP
090 _aFolleto 5952
100 0 0 _aSolórzano Buenrostro, Librado.
_9108491
245 1 _aBilogía, daños y control del defoliador del pino Zadiprion vallicola Roh en el suroeste de Michoacán
260 _a(s.l.) :
_bComisión Forestal del Estado de Michoacán,
_c1977
300 _a104 p.
_b: ilus. ; gráfs.
490 _aSerie Técnica reforestación
_v; 2da. época; 10
590 _aBATCH-UPD
_b10
_c20130109
_lUCH01
_h2347
590 _aBATCH-UPD
_b10
_c20130110
_lUCH01
_h1655
590 _aBATCH-UPD
_b10
_c20130409
_lUCH01
_h1918
590 _aBATCH-UPD
_b10
_c20130410
_lUCH01
_h1044
590 _aBATCH-UPD
_b10
_c20130914
_lUCH01
_h0716
590 _aCONVERSION
_b10
_c20130109
_lUCH01
_h1331
650 1 4 _aBosques
_zMichoacán.
_914418
650 1 4 _aPináceas
_xPlagas.
_988257
650 1 4 _aZadiprion vallicola.
_9123429
830 0 _aSerie Técnica reforestación
_v; 2da. época; 10
901 _aBK
942 _cFOLL
949 _aFolleto 5952
_bBC
_cFOLL
_d-133815
_eTS1
_i62434
_si
999 _c57307
_d57307